Normal view
MARC view
- Atakan, Tahsin
Entry Personal Name
001 - CONTROL NUMBER
- control field: 131789
003 - CONTROL NUMBER IDENTIFIER
- control field: DLC
005 - DATE AND TIME OF LATEST TRANSACTION
- control field: 20210802085056.0
008 - FIXED-LENGTH DATA ELEMENTS
- fixed length control field: 870505n| acannaabn |n aaa
040 ## - CATALOGING SOURCE
- Original cataloging agency: TR-AnTOB
- Transcribing agency: TR-AnTOB
100 1# - HEADING--PERSONAL NAME
- Personal name: Atakan, Tahsin



